000 00551nam a22002057a 4500
999 _c13608
_d13608
003 MIRAKIL
005 20191114124650.0
008 191114b tu ||||| |||| 00| 0 tur d
020 _a9786056675607
040 _aTR-AnCHP
_cTR-AnCHP
041 _atur
082 _a811.42
_bP45p 2017
100 _aPınar, Babür
245 1 0 _aUmut pas tutmaz /
_cBabür Pınar.
250 _a3 bs.
260 _aAnkara:
_bNitelik Kitap,
_c2017.
_fÖztepe matbaası.
300 _a111 s.:
_c21 sm.
650 0 _919
_aTürk edebiyatı
_xŞiirler
942 _2ddc
_cBKS